| 000 | 00750nam a22002417a 4500 | ||
|---|---|---|---|
| 003 | PE SENCICO BE | ||
| 005 | 20251020182627.0 | ||
| 008 | 230222b |||||||| |||| 00| 0 eng d | ||
| 020 | _a978-3-8365-6284-3 | ||
| 040 |
_aPE SENCICO BE _cPE SENCICO BE |
||
| 041 | _aspa | ||
| 082 |
_a759.5 _bS28 |
||
| 100 | 1 |
_9681 _aSchutze, Sebastian _eautor |
|
| 245 | 1 |
_aCaravaggio : _bobra completa / _cSebastian Schutze |
|
| 250 | _a[1a ed.] | ||
| 260 |
_as. l. : _bTaschen, _cs.a. |
||
| 300 |
_a515 p. : _bil. col., fotog., _c20 cm. |
||
| 600 | 1 | 0 |
_9684 _aCaravaggio, Michelangelo Merisi da _d1573-1610 |
| 650 | 1 | 4 |
_9682 _aPintores |
| 650 | 2 | 4 |
_9683 _aPintura renacentista |
| 910 |
_bhfp _chfp |
||
| 942 |
_2ddc _cLIB _h759.5 _iS28 |
||
| 999 |
_c3849 _d3849 |
||